[Event "Bosnjaci op 24th"]
[Site "Bosnjaci"]
[Date "2019.01.05"]
[Round "4"]
[White "Jelecevic, Ivo"]
[Black "Tadic, Drago"]
[Result "0-1"]
[WhiteElo "2112"]
[BlackElo "1880"]
[PlyCount "114"]
[EventDate "2019.01.03"]
[EventType "swiss"]
[EventRounds "9"]
[EventCountry "CRO"]
[SourceTitle "CBM 188 Extra"]
[Source "ChessBase"]
[SourceDate "2019.02.28"]
[SourceVersion "1"]
[SourceVersionDate "2019.02.28"]
[SourceQuality "1"]

1. e4 c5 2. Nf3 Nc6 3. d4 cxd4 4. Nxd4 e5 5. Nb5 d6 6. c4 a6 7. N5c3 Nf6 8. Be2 Be7 9. Be3 0-0 10. f3 Nh5 11. Nd5 f5 12. Nbc3 f4 13. Bf2 Nf6 14. Bb6 Qd7 15. 0-0 Bd8 16. Bf2 Nxd5 17. cxd5 Ne7 18. a4 b6 19. b4 Bb7 20. Qb3 Kh8 21. Rfc1 Rf6 22. Rc2 Rg6 23. Kh1 Rc8 24. Rac1 h6 25. Nb1 Rxc2 26. Qxc2 Rf6 27. Nd2 g5 28. Nc4 Nc8 29. Qd1 h5 30. Ra1 Rg6 31. Qg1 b5 32. axb5 axb5 33. Na3 Ba6 34. Rc1 Qb7 35. Nxb5 Bxb5 36. Bxb5 Qxb5 37. Rxc8 Rg8 38. Qe1 Bb6 39. Rxg8+ Kxg8 40. Bxb6 Qxb6 41. h3 h4 42. Qc3 Qf2 43. Qc8+ Kf7 44. Qf5+ Kg7 45. Qxg5+ Kh7 46. Kh2 Qb6 47. Qxh4+ Kg6 48. Qe1 Kh5 49. g3 fxg3+ 50. Kxg3 Qd8 51. Qe2 Qg5+ 52. Kf2 Kh4 53. b5 Kxh3 54. Qf1+ Kh2 55. b6 Qd2+ 56. Qe2 Qc1 57. b7 Qg1# 0-1

[Event "Babina Greda active op"]
[Site "Babina Greda"]
[Date "2014.07.27"]
[Round "2"]
[White "Pezelj, Novak"]
[Black "Tadic, Drago"]
[Result "1-0"]
[WhiteElo "2390"]
[BlackElo "1954"]
[PlyCount "63"]
[EventDate "2014.07.27"]
[EventType "swiss"]
[EventRounds "9"]
[EventCountry "CRO"]
[SourceTitle "EXT 2016"]
[Source "ChessBase"]
[SourceDate "2015.10.08"]
[SourceVersion "1"]
[SourceVersionDate "2015.10.08"]
[SourceQuality "1"]

1. e4 c5 2. Nc3 Nc6 3. Bc4 e6 4. d3 a6 5. a4 g6 6. Nge2 Bg7 7. 0-0 Nge7 8. Bg5 0-0 9. f4 f6 10. Bh4 d5 11. Ba2 d4 12. Nb1 Kh8 13. Bb3 e5 14. fxe5 Nxe5 15. h3 g5 16. Bg3 N7g6 17. Nd2 Bd7 18. a5 Qc8 19. Nc4 Nxc4 20. Bxc4 Ne5 21. Bxe5 fxe5 22. Ng3 Be6 23. Bxe6 Qxe6 24. b3 Rf4 25. Nf5 Rxf1+ 26. Kxf1 Rf8 27. Kg1 Rxf5 28. exf5 Qxf5 29. Qe2 Kg8 30. Rf1 Qe6 31. Qf3 Qe7 32. Qd5+ 1-0

[Event "Vukovar Srijem CupT 6th"]
[Site "Tompojevci"]
[Date "2013.03.08"]
[Round "1.5"]
[White "Tadic, Drago"]
[Black "Kovacevic, Stevo"]
[Result "0-1"]
[WhiteElo "1953"]
[BlackElo "2020"]
[PlyCount "86"]
[EventDate "2013.03.08"]
[EventType "team-swiss"]
[EventRounds "5"]
[EventCountry "CRO"]
[SourceTitle "EXT 2014"]
[Source "ChessBase"]
[SourceDate "2013.11.20"]
[SourceVersion "1"]
[SourceVersionDate "2013.11.20"]
[SourceQuality "1"]
[WhiteTeam "Jankovci"]
[BlackTeam "Trpinja Triglav"]
[WhiteTeamCountry "CRO"]
[BlackTeamCountry "CRO"]

1. f4 f5 2. Nf3 Nf6 3. Nc3 b6 4. d4 e6 5. e3 Bb7 6. Bd3 Bb4 7. Bd2 Ng4 8. g3 Bxc3 9. bxc3 d6 10. h3 Nf6 11. 0-0 Qe7 12. c4 Nbd7 13. Bc3 0-0-0 14. a4 a5 15. Qe2 Ne4 16. Be1 Ndf6 17. Bf2 h6 18. h4 Rhg8 19. Kh2 Ng4+ 20. Kh3 Ngxf2+ 21. Rxf2 Nxf2+ 22. Qxf2 g5 23. Kh2 gxh4 24. Nxh4 Kb8 25. Be2 Rg7 26. Bf3 Rdg8 27. Rg1 Bxf3 28. Qxf3 Rg4 29. Qf2 Qe8 30. d5 Qxa4 31. dxe6 Qxc4 32. Nxf5 Qxe6 33. Nd4 Qg6 34. Rg2 Qh5+ 35. Kg1 Qd5 36. Kh2 h5 37. Qf3 Qxf3 38. Nxf3 Kb7 39. Nd4 h4 40. Nf5 hxg3+ 41. Nxg3 Rxg3 42. Rxg3 Rxg3 43. Kxg3 Kc8 0-1